000 01386nam2a2200217 4500
001 RU\NLR\BIBL_A\016325740
005 20250625042423.0
035 _a(NLR Aleph) 016325740
090 _a13045142
_c13045142
100 _a20230328d2022 |||y0rusy50 ca
101 0 _arus
102 _aRU
200 1 _aТекст в современной филологической парадигме: герменевтика художественной коммуникации
_dText in the modern philological paradigm: hermeneutics of literary communication
_zeng
210 _d2022
_aБ. м.
461 0 _1001RU\NLR\INFOCOMM31\5000144228
_12001#$aАктуальные проблемы филологии и педагогической лингвистики$eСб. науч. тр.$fСев.-Осет. гос. ун-т им. К.Л. Хетагурова$v2022, № 4 (темат. вып.)
_94193216
_cВладикавказ
_d2002 -
_fСев.-Осет. гос. ун-т им. К.Л. Хетагурова
_nИзд-во СОГУ
_oСб. науч. тр.
_tАктуальные проблемы филологии и педагогической лингвистики
_x2079-6021
_v2022, № 4 (темат. вып.)
510 1 _aText in the modern philological paradigm: hermeneutics of literary communication
_zeng
852 _aNLR
_jП28/2002
942 _cISSUE
980 _aNB
980 _aRUSPER